| 000 | 01012cam a2200361L 4500 | ||
|---|---|---|---|
| 001 | 72863 | ||
| 005 | 20230410132708.0 | ||
| 008 | 091207s1970 cau 000 u eng d | ||
| 035 | _a(OCoLC)ocn475149759 | ||
| 040 |
_aDKDLA _bdan _cDKDLA |
||
| 020 | _a0156529408 (hft.) | ||
| 020 | _a9780156529402 (hft.) | ||
| 029 | 0 |
_aDKDLA _b33799021 |
|
| 035 | _a(OCoLC)475149759 | ||
| 041 | 1 |
_aeng _hger |
|
| 050 | 1 | 4 |
_aPT 2613 _bG768l 1989 |
| 082 | 0 | 0 | _a833.91 |
| 049 | 0 | _aGRAL | |
| 100 | 1 |
_aGrass, Gunter, _d1927- |
|
| 245 | 1 | 0 |
_aLocal anaesthetic / _cGunter Grass ; transl. by Ralph Manheim. |
| 260 |
_aSan Diego : _bHarcourt, _c1970. |
||
| 300 | _a284 p. | ||
| 490 | 1 | _aA Harvest book. | |
| 490 | 1 | _aA Helen and Kurt Wolff book. | |
| 650 | 4 | _aPrimera Jornada de Catalogacion. | |
| 650 | 4 | _aNovela alemana. | |
| 650 | 4 |
_aOdontólogos _vNovela. |
|
| 650 | 4 |
_aOdontología _vNovela. |
|
| 830 | 2 | _aA Harvest book. | |
| 830 | 2 | _aA Helen and Kurt Wolff book. | |
| 942 |
_2lcc _cbk |
||
| 994 |
_aC0 _bDRFGD |
||
| 999 |
_c86059 _d86059 |
||